Essentials of ecology

Αποθηκεύτηκε σε:
Λεπτομέρειες βιβλιογραφικής εγγραφής
Κύριος συγγραφέας: Townsend, Colin R.
Άλλοι συγγραφείς: Begon, Michael, Harper, John L.
Μορφή: Βιβλίο
Γλώσσα:English
Δημοσίευση: Malden, MA; Oxford, UK : Blackwell Pub., 2003
Έκδοση:2nd ed.
Θέματα:
Ετικέτες: Προσθήκη ετικέτας
Δεν υπάρχουν, Καταχωρήστε ετικέτα πρώτοι!

MARC

LEADER 00000nam a2200000 i 4500
001 1/52557
008 070824s2003 eng d
020 |a 978-1-4051-0328-2 (pbk.) 
035 |l 10090036 
040 |a GR-MY-UA  |b gre  |e aacr 
041 0 |a eng 
082 0 |a 577  |2 (22) 
100 1 |a Townsend, Colin R. 
245 1 0 |a Essentials of ecology /  |c Colin R. Townsend, Michael Begon, John L. Harper 
250 |a 2nd ed. 
260 |a Malden, MA; Oxford, UK :   |b Blackwell Pub.,   |c 2003 
300 |a xiii, 530 σ.;  |b διαγρ., έγχρ. εικ.;  |c 25 εκ. 
504 |a Βιβλιογραφία: σ. [501]-512 
504 |a Περιέχει ευρετήριο 
650 0 0 |a Ecology. 
700 1 |a Begon, Michael. 
700 1 |a Harper, John L. 
852 |a INST  |b LESVOS  |e 20070824  |h 577 TOW  |p 005100039181  |q 005100039181  |t BK  |y 0 
901 |a BIBL1-2007-2 
909 |a Λ  |b 138093 
922 |a 1ΕΛΗ  |b 200707  |c ΕΠΕΑΕΚ2/ΤΠ  |d ΕΛΕΥΘΕΡΟΥΔΑΚΗΣ 
970 |a ΒΑΡΚΑ  |b ΕΛΕΥΘΕΡΙΑ  |z 2007/08/24